La mirada expresionista : novela española del siglo XX /

Como bien expresa el autor, el expresionismo artístico y literario surgido en Alemania hacia 1900, no significa una estética uniforme, ni siquiera coincidencia en la ideología política; en todo caso es una manifestación de protesta y rebeldía que, frente a la aniquilación del ser humano, plasma una...

Descripció completa

Guardat en:
Dades bibliogràfiques
Autor principal: Calvo Carilla, José Luis (autor)
Format: Llibre
Idioma:espanyol
Publicat: Madrid, España : Mare Nostrum Comunicación, 2005, c2005
Col·lecció:(Estudios y Ensayos Marenostrum ; 7)
Matèries:
Etiquetes: Afegir etiqueta
Sense etiquetes, Sigues el primer a etiquetar aquest registre!

MARC

LEADER 00000nam^a2200000^a^4500
001 000184881
005 20250521000000.0
009 20260310102130.451
020 |a 84-96391-16-7 
037 |a Acervo ITESO - Biblioteca 
041 |a ESP 
082 |a 860. 946  |b NOV V. 1 
100 |a Calvo Carilla, José Luis  |e (autor) 
240 1 1 |a [Novela española: análisis] 
245 1 3 |a La mirada expresionista :  |b novela española del siglo XX /  |c J.L. Calvo Carilla. 
264 4 |a Madrid, España :  |b Mare Nostrum Comunicación,  |c 2005, c2005 
300 |a 244 p. 
336 |a texto  |b txt  |2 rdacontenido 
337 |a sin mediación  |b n  |2 rdamedio 
338 |a volumen  |b nc  |2 rdasoporte 
440 1 |a (Estudios y Ensayos Marenostrum ;  |v 7) 
520 |a Como bien expresa el autor, el expresionismo artístico y literario surgido en Alemania hacia 1900, no significa una estética uniforme, ni siquiera coincidencia en la ideología política; en todo caso es una manifestación de protesta y rebeldía que, frente a la aniquilación del ser humano, plasma una "atmósfera de pesadilla". En tal marco de fondo, la obra da cuenta de la difusión de la corriente entre los escritores españoles, presentando un panorma de su evolución en el país y abordando casos emblemáticos como el de Ramón J. Sender, Gonzalo Torrente Ballester y Camilo José Cela. 
649 |a XX 
650 |a Expresionismo -  |z España -  |x Historia y Crítica -  |x Tema Principal 
650 |a Novela Española -  |x Historia y Crítica -  |x Tema Principal 
650 |a Literatura Española -  |x Historia y Crítica 
650 |a Literatura Española -  |y Siglo XX 
650 |a Cela, Camilo José 
650 |a Kafka, Franz 
650 |a Sender, Ramón J. 
650 |a Torrente Ballester, Gonzalo 
600 |a Celaya, Gabriel 
910 |a Fondo General 
920 |a Impresos - Libros 
930 |a Colección General 
940 |a Literatura 
905 |a 101 
901 |a 0500126051  |b IT1  |c LIT  |u 20250521 
902 |a https://opac.biblio.iteso.mx/vufind/Record/000184881